000 00790cam a2200277 4500500
005 20260329004953.0
041 _afre
042 _adc
100 1 0 _ade Oliveira, Victorine
_eauthor
245 0 0 _a“Ainsi parlait Zarathoustra”. La morale, par-delà bien et mal
260 _c2021.
500 _a60
690 _aAllemagne
690 _aAllemand
690 _aBible
690 _aDisciple
690 _aIndividualité
690 _aLuther
690 _amaître
690 _aMorale
690 _aNietzsche
690 _aUniversalisme
690 _aZarathoustra
786 0 _nPhilosophie magazine | 155 | 12 | 2021-12-01 | p. 41-41 | 1951-1787
856 4 1 _uhttps://shs.cairn.info/magazine-philosophie-magazine-2021-12-1-page-41?lang=fr&redirect-ssocas=7080
999 _c1839051
_d1839051